Catalog

Record Details

Catalog Search



Dying for chocolate  Cover Image Book Book

Dying for chocolate / Diane Mott Davidson.

Summary:

Fleeing an abusive ex, caterer Goldy Bear moves herself, her son, and her business to the Aspen Meadow Country Club area, where she becomes enmeshed in a murder mystery involving a handsome local shrink.

Record details

  • ISBN: 9780553560244
  • ISBN: 0553560247
  • Physical Description: 321 pages ; 18 cm.
  • Edition: Bantam reissue edition.
  • Publisher: New York : Bantam Books, 2002, ©1992.

Content descriptions

General Note:
Includes index to recipes p. (321).
Subject: Bear, Goldy (Fictitious character) > Fiction.
Women in the food industry > Fiction.
Caterers and catering > Fiction.
Divorced women > Fiction.
Cooking > Fiction.
Traffic accidents > Fiction.
Colorado > Fiction.
Genre: Mystery fiction.
Humorous fiction.

Available copies

  • 1 of 1 copy available at scottsboropl.

Holds

  • 0 current holds with 1 total copy.
Show All Copies
Location Call Number / Copy Notes Barcode Shelving Location Status Due Date
scottsboropl F Dav 32269001075780 Adult - Fiction Available -

LDR 01678nam a2200445Ia 4500
001148174
003CONS
00520180823085641.0
008021216r20021992nyu g 001 1 eng d
010 . ‡a 91044720
020 . ‡a9780553560244 ‡q(paperback)
020 . ‡a0553560247 ‡q(paperback)
035 . ‡a(CPomAG)LMN607990
043 . ‡an-us-co
050 4. ‡aPS3554.A925 ‡bD95 2002
08214. ‡aFic ‡bDAVIDSON, D
1001 . ‡aDavidson, Diane Mott.
24510. ‡aDying for chocolate / ‡cDiane Mott Davidson.
250 . ‡aBantam reissue edition.
260 . ‡aNew York : ‡bBantam Books, ‡c2002, ©1992.
300 . ‡a321 pages ; ‡c18 cm.
336 . ‡atext ‡btxt ‡2rdacontent
337 . ‡aunmediated ‡bn ‡2rdamedia
338 . ‡avolume ‡bnc ‡2rdacarrier
4901 . ‡aGoldy Bear Culinary Mystery ; ‡v2.
500 . ‡aIncludes index to recipes p. (321).
520 . ‡aFleeing an abusive ex, caterer Goldy Bear moves herself, her son, and her business to the Aspen Meadow Country Club area, where she becomes enmeshed in a murder mystery involving a handsome local shrink.
650 0. ‡aBear, Goldy (Fictitious character) ‡vFiction.
650 0. ‡aWomen in the food industry ‡vFiction.
650 0. ‡aCaterers and catering ‡vFiction.
650 0. ‡aDivorced women ‡vFiction.
650 0. ‡aCooking ‡vFiction.
650 1. ‡aTraffic accidents ‡vFiction.
651 0. ‡aColorado ‡vFiction.
655 7. ‡aMystery fiction. ‡2gsafd
655 7. ‡aHumorous fiction. ‡2lcgft
830 0. ‡aGoldy Bear Culinary Mystery ; ‡v2.
914 . ‡aSCP_kt
959 . ‡i32269001075780 ‡lF Dav ‡aAdult - Fiction ‡tFiction ‡g8.00
852 . ‡p32269001075780 ‡jF Dav ‡gAdult - Fiction ‡cFiction ‡y8.00 ‡bSBPL
901 . ‡a148174 ‡bUnknown ‡c148174 ‡tbiblio

Additional Resources